000 00709nam a2200217Ia 4500
008 191130s2006##################000#0#eng##
020 _a9780521817509
022 _a2006297049
040 _aACL
_cACL
082 _a500.201175 HOY
100 _aHoyle, Rebecca B
245 _aPattern formation : an introduction to methods
_cRebecca B. Hoyle
260 _aCambridge
_bCambridge University Press
_c2006
300 _ax, 422 p. : ill. (some col.) ; 26 cm.()
500 _aIncludes bibliographical references (p. 408-416) and index
650 _aNonlinear theories
650 _aPattern formation (Physical sciences)
990 _a2c64414bac10000c69876ce8b1b06de6
991 _a81597
999 _c32649
_d32649